Historia universal: época contemporánea

Kaydedildi:
Detaylı Bibliyografya
Yazar: Frías Valenzuela, Francisco (Yazar)
Materyal Türü: Kitap
Dil:İspanyolca
Baskı/Yayın Bilgisi: Santiago, Chile Zig-Zag 2006
Edisyon:Sexta edición
Konular:
Etiketler: Etiketle
Etiket eklenmemiş, İlk siz ekleyin!

MARC

LEADER 00000nam a2200000 a 4500
001 UCG1932
003 CL-VaPUC
005 20210609001729.0
008 100531e20060000CL |||||||||||||||||spa|d
999 |c 341180  |d 341178 
020 |a 9561213397 
040 |c Pontificia Universidad Católica de Valparaíso 
082 0 4 |a 909.8 FRI 2006  |2 21 
100 0 |a Frías Valenzuela, Francisco  |e author  |9 550052 
245 1 0 |a Historia universal:  |b  época contemporánea 
250 |a Sexta edición 
260 |a Santiago, Chile  |b Zig-Zag  |c 2006 
300 |a 470 páginas 
583 |a last modification  |c 20100531 00:00:00  |k Rodrigo Vera 
650 0 |a Historia universal  |9 266877 
650 0 |a Historia contemporánea  |9 343224 
942 |c BK  |2 ddc 
945 |d 20100531 00:00:00  |a rbrito 
952 |0 0  |1 0  |2 ddc  |4 0  |6 909_800000000000000_FRI_2006  |7 0  |8 DER_HIS  |9 436480  |a BIBDER  |b BIBDER  |d 2019-11-22  |i 4680979  |o 909.8 FRI 2006  |p 4680979  |r 2023-01-25  |t 1  |w 2019-11-22  |x Ubicación 4to Piso  |y BK  |z Estos recursos deben solicitarse con anticipación  |k DER